000 00649nam a2200265Ia 4500
005 20250425162149.0
008 250425s9999 xx 000 0 und d
020 _a9682435765
041 _aspa
043 _amx
082 _a338.4791
_pHAU
100 _aHaulot, Arthur
245 0 _aTurismo social
_cArthur Haulot
250 _aPrimera edición
260 _aMEXICO
260 _aMéxico
_bTRILLAS
_c1997
300 _a182 páginas
_c24 cm.
650 _aINDUSTRIA DEL TURISMO
650 _aTurismo social
650 _aTurismo y cultura
650 _aTuriso
902 _aMonográfico
_cImpreso
942 _c01
010 _a54080
999 _c223639
_d223639